00736nam a2200181 i 450000100060000000300090000600500170001500700030003200800410003510000360007624501350011226000570024730000400030470000390034485200320038399900170041595201220043263485ES-MaACL20230906164901.0t|031211s1964 sp ||||1| cat d1 aFerrer y Soler, Alberto.95051510aLlibre dels gegants i demes entremeses populars de Vilanova i la Geltru / cper Albert Ferrer i Soler i Antoni Anguera i Llaurado. aVilanova i la Geltrú : bJoan Rius i Vila, c1964. aXVIII, 167 p., 14 lám. ; c22 cm.1 aAnguera i Llaurado, Antoni.921765 aES-MaACLjC-26682 bR.55680 c63485d63485 00104070aATENEOMbATENEOMcDEPO2d2008-01-17eSCl0oC-26682p1066542r2023-02-23 00:00:00w2023-02-23yMONOGRAFIA